000 00705nam a2200229 i 4500
001 bg
100 1 _aNIEWIADOMSKI, Krzysztof J.
245 1 0 _aPsychologia :
_bmateriały do ćwiczeń /
_cKrzysztof J. Niewiadomski.
250 _aWyd.3 popr. i uzup.
260 _aCzęstochowa :
_bWydaw. PC,
_c1996.
300 _a95 s. :
_brys. ;
_c24 cm.
490 1 _aSkrypty Politechniki Częstochowskiej,
_x1234-9909 ;
_v6
504 _aBibliogr. s. 95.
650 9 _aPsychologia
655 _aPodręczniki akademickie
830 _aSkrypty Politechniki Częstochowskiej,
_x1234-9909 ;
040 _cBPK
041 0 _apl
080 _a159.9(075.8)
942 _cKS
008 s pl f |000 0 pol
999 _c24942
_d24942
856 _uhttp://koha.tu.koszalin.pl/cgi-bin/koha/opac-detail.pl?biblionumber=24942
_yKatalog online BPK